Mẫu kiểm tra tiếng Thái, sơ cấp 1, tập 2

Spremljeno u:
Bibliografski detalji
Format: Knjiga
Oznake: Dodaj oznaku
Bez oznaka, Budi prvi tko označuje ovaj zapis!
Thư viện lưu trữ: Mạng thư viện Đại học Đà Nẵng
LEADER 00437nam a22001691a 4500
001 000036667
003 12962
005 20160412012706.0
008 160412s0 000
082 |a 4T(07)57 
245 |a Mẫu kiểm tra tiếng Thái, sơ cấp 1, tập 2  |c Siriyawapang 
OWN |a LNN 
999 |a From the UDN01 
TYP |a Monograph 
980 |a Mạng thư viện Đại học Đà Nẵng